Paris Saint-Germain most G+A each season 2020s - Statistics

General Stats
  • This quiz has been taken 59 times
  • The average score is 11 of 12
Answer Stats
Season Answer % Correct
2019-20 5 Kylian Mbappe
100%
2020-21 53 Kylian Mbappe
100%
2021-22 60 Kylian Mbappe
100%
2022-23 50 Kylian Mbappe
100%
2020-21 25 Neymar
98%
2021-22 21 Neymar
98%
2022-23 30 Neymar
98%
2019-20 3 Edinson Cavani
92%
2021-22 25 Lionel Messi
92%
2022-23 40 Lionel Messi
92%
2020-21 20 Angel Di Maria
76%
2019-20 8 Pablo Sarabia
20%
No matching quizzes found
Score Distribution
Percent of People with Each Score
Percentile by Number Answered
Your Score History
You have not taken this quiz